Cover or Original Version: Rock Edition - Statistics

General Stats
  • This quiz has been taken 17 times
    8 since last reset
  • The average score is 10 of 15
Answer Stats
Question Answer % Correct
Money For Nothing, Dire Straits Original
100%
For Whom The Bell Tolls, Metallica Original
100%
Break On Through, The Doors Original
100%
All Along The Watchtower, Jimi Hendrix Cover
83%
I Shot The Sherrrif, Eric Clapton Cover
83%
Black Dog, Led Zeppelin Original
83%
You Really Got Me, Van Halen Cover
67%
Photograph, Def Lepard Original
67%
Spirit in The Sky, Kentucky Headhunters Cover
50%
House of The Rising Sun, The Animals Cover
50%
I Love Rock N' Roll, Joan Jett Cover
50%
Pride and Joy, Stevie Ray Vaughan Original
50%
Cover Of The "Rolling Stone", Dr. Hook Original
50%
Hard To Handle, The Black Crowes Cover
33%
Up On Cripple Creek, The Band Original
33%
No matching quizzes found
Score Distribution
Percent of People with Each Score
Percentile by Number Answered
Your Score History
You have not taken this quiz since the last reset